00577nam a22001817a 4500008004100000020001500041050002300056100002200079245007300101260005000174300002600224500003500250650001700285700001900302700002200321942003500343999001700378160927b xxu||||| |||| 00| 0 eng d a0867202122 aQP 514.2 .A24 1992 aAbeles, Robert H. aBiochemistry/cRobert H. Abeles, Perry A. Frey and William P. Jencks aBoston:bJones and Bartlett Publishers,c1992 axxii, 838p. :bill. ; aIncludes references and index. aBiochemistry aFrey, Perry A. aJencks, William P 2lcccBOOKShQP 514.2 .A24 1992 c14116d14116